000
00334 a2200157 4500
001
177401
020
_a
040
_c
Magnum
100
_a
Ribeiro Junior, Joao
240
1
0
_a
O que e positivismo
_l
por
245
1
0
_a
O que e positivismo
362
0
_a
1899
440
1
_a
Brasiliense
697
_a
MAGNITO: FILOSOFIA
942
_c
BK
999
_c
177401
_d
177401